00346nam a2200145Ia 4500008004100000020001500041050000900056050001600065245003000081245001900111260000900130300001500139300001700154440002900171170203s9999 xx 000 0 und d a4915249883 aFic  b.H668t 1991 4aThe Musicians of Bremen / cPeter Haddock. c1991 a25 pages ; bcol. ill. ;  aFantasy land fairy tales